00448nam a2200169Ia 450000500170000000800410001704000190005804100120007708200170008910000150010624500510012126000370017230000240020950400190023365000150025285000110026720240418143953.0131103s9999 xx 000 0 und d aLoreto College aEnglish a370.15 bPEE aPeel, E.A. 4aThe Psychological Basis of EducationcE.A.Peel aEdinburghbOliver and Boydc1958 avii,303 p.b illus. aIncludes index aPsychology aLCBED